Welcome to CU Library Online Public Access Catalogue (OPAC)

Nursing care of children : (Record no. 4189)

MARC details
000 -LEADER
fixed length control field 00732cam a2200217 a 4500
001 - CONTROL NUMBER
control field 14824325
005 - DATE AND TIME OF LATEST TRANSACTION
control field 20250223132852.0
008 - FIXED-LENGTH DATA ELEMENTS--GENERAL INFORMATION
fixed length control field 070426s2007 moua b 001 0 eng
020 ## - INTERNATIONAL STANDARD BOOK NUMBER
International Standard Book Number 9781416030843
050 00 - LIBRARY OF CONGRESS CALL NUMBER
Classification number RJ245
Item number .N856 2007
082 00 - DEWEY DECIMAL CLASSIFICATION NUMBER
Classification number 618.92/000231
Edition information 22
245 00 - TITLE STATEMENT
Title Nursing care of children :
Remainder of title principles & practice /
Statement of responsibility, etc. [edited by] Susan Rowen James, Jean Weiler Ashwill.
250 ## - EDITION STATEMENT
Edition statement 3rd ed.
260 ## - PUBLICATION, DISTRIBUTION, ETC.
Place of publication, distribution, etc. St. Louis, Mo. :
Name of publisher, distributor, etc. Saunders/Elsevier,
Date of publication, distribution, etc. c2007.
300 ## - PHYSICAL DESCRIPTION
Extent 1072 p. :
Other physical details ill. (chiefly col.) ;
Dimensions 29 cm. +
Accompanying material 1 CD-ROM (4 3/4 in.)
650 #0 - SUBJECT ADDED ENTRY--TOPICAL TERM
Topical term or geographic name entry element Pediatric nursing.
700 1# - ADDED ENTRY--PERSONAL NAME
Personal name James, Susan Rowen,
Dates associated with a name 1946-
700 1# - ADDED ENTRY--PERSONAL NAME
Personal name Ashwill, Jean Weiler.
700 1# - ADDED ENTRY--PERSONAL NAME
Personal name Droske, Susan Colvert.
942 ## - ADDED ENTRY ELEMENTS (KOHA)
Source of classification or shelving scheme Library of Congress Classification
Koha item type Books
Edition 3rd ed.
Suppress in OPAC No
999 ## -
-- 4189
-- 4189
Holdings
Withdrawn status Lost status Source of classification or shelving scheme Damaged status Not for loan Collection Home library Current library Shelving location Date acquired Total checkouts Full call number Barcode Date last seen Copy number Price effective from Koha item type
    Library of Congress Classification     Non-fiction Science Library (Miotso) Science Library (Miotso) General stacks 02/23/2025   RJ245 .N856 NUR SLM00003811 02/23/2025 1 02/23/2025 Books
    Library of Congress Classification     Non-fiction Science Library (Miotso) Science Library (Miotso) General stacks 02/23/2025   RJ245 .N856 NUR SLM00003812 02/23/2025 2 02/23/2025 Books
© 2023-2024 Copyright: Central University Libraries. All Rights Reserved | Created by: Mahone Tech Office